000 00356nam a2200133Ia 4500
008 240624s9999 xx 000 0 und d
041 _aeng
082 _a332.640973 DUN
100 _aDUNBAR NICHOLAS
245 _aDEVIL S DERIVATIVES
260 _c2011
_aNew Delhi
_bHarvard Business Review Press
300 _axvi, : 291 : p. : cm. ; 23
365 _cRS
_b38
999 _c28214
_d28214